Statistics for Saint Seiya Saints Quiz: 1986 Version

Click here to take the quiz!

General Stats

  • This quiz has been taken 85 times
  • The average score is 8 of 15

Answer Stats

HintAnswer% Correct
1Pegasus Seiya
100%
5Andromeda Shun
96%
3Phoenix Ikki
94%
2Dragon Shiryu
93%
4Cygnus Hyoga
88%
11Unicorn Jabu
54%
6Eagle Marin
52%
14Bear Geki
43%
13Hydra Ichi
39%
7Ophiuchus Shaina
37%
10Lionet Ban
33%
12Wolf Nachi
33%
8Keitos Moses
21%
9Hound Asterion
19%
15Ceberus Dante
9%

Score Distribution

Percentile by Number Answered

Percent of People with Each Score

Your Score History

You have not taken this quiz